Commentary on the Narcotic Drugs & Psychotropic Substances act with latest case law/: (Record no. 181541)
[ view plain ]
| 000 -LEADER | |
|---|---|
| fixed length control field | 00737nam a22001937a 4500 |
| 005 - DATE AND TIME OF LATEST TRANSACTION | |
| control field | 20210923152233.0 |
| 010 ## - LCCN (DPL NO) | |
| LC control number | ENG-129949 |
| 020 ## - INTERNATIONAL STANDARD BOOK NUMBER | |
| International Standard Book Number | 978-93-8999-149-9 |
| Terms of availability | 3250.00 |
| 035 ## - SYSTEM CONTROL NUMBER | |
| System control number | EN-113481 |
| 037 ## - SOURCE OF ACQUISITION | |
| Source of stock number/acquisition | DBAD/PUB |
| 082 ## - DEWEY DECIMAL CLASSIFICATION NUMBER | |
| Classification number | 344.540545 |
| 100 ## - MAIN ENTRY--PERSONAL NAME | |
| Personal name | Barowalia,J N |
| 245 ## - TITLE STATEMENT | |
| Title | Commentary on the Narcotic Drugs & Psychotropic Substances act with latest case law/: |
| Statement of responsibility, etc | by J N Barowalia,Abhishek Barowalia |
| 260 ## - PUBLICATION, DISTRIBUTION, ETC. (IMPRINT) | |
| Name of publisher, distributor, etc | Lexis Nexis |
| Place of publication, distribution, etc | India |
| Date of publication, distribution, etc | 2021 |
| 270 ## - ADDRESS | |
| City | Gurgaon |
| Postal code | 122002 |
| Address | 14th Floor , Building No 10, Tower-B, DLF Cyber City, phase -ll |
| Telephone number | +91 124 4774444 |
| Fax number | +91 124 4774100 |
| Electronic mail address | help.in@lexisnexis.com |
| 300 ## - PHYSICAL DESCRIPTION | |
| Extent | lxxviii,1728p. |
| Dimensions | 25cm(hbk) |
| 700 ## - ADDED ENTRY--PERSONAL NAME | |
| Personal name | Barowalia,Abhshek |
| 942 ## - ADDED ENTRY ELEMENTS (KOHA) | |
| Source of classification or shelving scheme | Dewey Decimal Classification |
| Item type | English Books |
| Classification part | 344.540545 |
| Call number suffix | BAR |
| Withdrawn status | Lost status | Not for loan | Collection code | Home library | Current library | Date acquired | Source of acquisition | Cost, normal purchase price | Full call number | Barcode | Copy number | Cost, replacement price | Koha item type |
|---|---|---|---|---|---|---|---|---|---|---|---|---|---|
| Not For Loan | Reference | Ashok Vihar | Ashok Vihar | 21/09/2021 | DBAD/PUB | 3250.00 | 344.540545 | EN-113481 | 1 | 3250.00 | English Books |
